My life and other stories
Guardat en:
| Autor principal: | |
|---|---|
| Format: | Llibre |
| Idioma: | Undetermined |
| Publicat: |
London
Everyman's Library
1992
|
| Matèries: | |
| Etiquetes: |
Afegir etiqueta
Sense etiquetes, Sigues el primer a etiquetar aquest registre!
|
| Thư viện lưu trữ: | Trung tâm Học liệu Trường Đại học Cần Thơ |
|---|
| LEADER | 00513nam a2200169Ia 4500 | ||
|---|---|---|---|
| 001 | CTU_35998 | ||
| 008 | 210402s9999 xx 000 0 und d | ||
| 082 | |a 891.7 | ||
| 082 | |b C516L | ||
| 100 | |a Anton Chekhov | ||
| 245 | 0 | |a My life and other stories | |
| 245 | 0 | |c Anton Chekhov, Constance Garnett | |
| 260 | |a London | ||
| 260 | |b Everyman's Library | ||
| 260 | |c 1992 | ||
| 650 | |a russian literature - 19th century,short stories, russian ( english ) | ||
| 980 | |a Trung tâm Học liệu Trường Đại học Cần Thơ | ||